000 00728cam a2200205 a 4500
001 000002578
005 20200929150221.0
008 820322s1979 ho b 001 0 spa
040 _aDO-SdBNP
_cDLC
_dDLC
082 _aHo808.51
_bP348ó
100 1 _aPaz Barnica, Edgardo
_98115
245 1 3 _aLa oratoria en Honduras :
_bdesde la colonia a nuestros dias /
_cEdgardo Paz Barnica.
260 _aTegucigalpa, Honduras :
_bUniversidad Nacional Autonoma de Honduras,
_c1979.
300 _a222 p. ;
_c21 cm.
504 _aBibliografía: p. 213-217.
650 4 _aOratoria
_zHondura
_xColecciones
_98116
651 4 _aHondura
_xPolítica Y Gobierno
_98117
650 4 _aLiteratura hondureña
_9836
910 _aCatalogación por copia / LC
999 _c2414
_d2414